Country Quiz- Egypt - Statistics

General Stats
  • This quiz has been taken 14 times
  • The average score is 13 of 20
Answer Stats
Hint Answer % Correct
1) Official language Arabic
100%
2) Largest city Cairo
100%
3) Ancient port city that once held theworlds largest library Alexandria
93%
5) Female pharaoh who was intwinedwith both Caesar and Antony Cleopatra
93%
4) River that provided water forEgyptian civilization Nile
93%
14) Sea to the north of Egypt Mediterranean
79%
16) This ancient city was the first capital ofunified Egypt, also a major city in Tennessee Memphis
79%
9) Famous canal that is a vital shippingpassage to Asia Suez
79%
6) Teenage pharaoh whos' tomb laid undiscovered for 3200 years until 1922 Tutankhamun
79%
10) This ancient city in southern Egyptwas the capital of pharaohs at the time of Thebes Luxor
71%
8) Peninsula that connects Africa with Asia Sinai
71%
18) Greek warrior who conquered Egypt, bringingin the Ptolemaic period Alexander the Great
64%
20) Famous stone that deciphers the above,discovered in 1799 Rosetta
64%
11) Famous area in the above that holdstombs of pharaohs Valley of the Kings
64%
7) Famous structure first commissioned bypharaoh Khufu in 2600 BC Great Pyramid
57%
19) Style of writing invented in ancient Egypt Hieroglyphics
57%
12) Famous limestone statue of a halflion, half human creature Great Sphinx
29%
17) Famous female pharaoh who constructednumerous temples during the prosperous period of Egypt Hatshepsut
29%
13) Ancient Nubian civilization that conqueredEgypt, located in present day northern Sudan Kush
21%
15) The famous Step Pyramid was constructedfor this pharaoh during the Third Dynasty Djoser
14%
No matching quizzes found
Score Distribution
Percent of People with Each Score
Percentile by Number Answered
Your Score History
You have not taken this quiz